Matériels pour l'agriculture : 1500 références pour l'équipement des petites et moyennes exploitations (Record no. 21397)

000 -LEADER
fixed length control field 00293nam a22000977a 4500
040 ## - CATALOGING SOURCE
Transcribing agency rua
082 ## - DEWEY DECIMAL CLASSIFICATION NUMBER
Classification number 631 FRA 1992 A084 Or.
245 ## - TITLE STATEMENT
Title Matériels pour l'agriculture : 1500 références pour l'équipement des petites et moyennes exploitations
260 ## - PUBLICATION, DISTRIBUTION, ETC. (IMPRINT)
Place of publication phnom penh
Name of publisher rua
Year of publication 1992
942 ## - ADDED ENTRY ELEMENTS (KOHA)
Koha item type សៀវភៅភាសាបារាំង
952 ## - LOCATION AND ITEM INFORMATION (KOHA)
Withdrawn status [LOCAL, KOHA] 0
Holdings
Permanent Location Date acquired Koha item type Lost status Shelving location Barcode Current Location Full call number
Library Block A2023-06-05សៀវភៅភាសាបារាំង A084A09803Library Block A631 FRA 1992 A084 Or.
មជ្ឈមណ្ឌលឯការនៃសាកលវិទ្យាល័យភូមិន្ទកសិកម្មចំការដូង

Powered by Koha